Logo BPK

Biblioteka

Politechniki Koszalińskiej

Reading : (Rekord nr 47800)

Szczegóły MARC
000 -ETYKIETA REKORDU
podpole kontrolne o stałej długości 00826nam a2200265 i 4500
001 - NUMER KONTROLNY REKORDU
pole kontrolne bgj
020 ## - MIĘDZYNARODOWY ZNORMALIZOWANY NUMER KSIĄŻKI - ISBN
ISBN 0194534022 (pbk)
040 ## - ŹRÓDŁO KATALOGOWANIA
Instytucja, która utworzyła rekord BPK
041 0# - KOD JĘZYKA
Kod języka tekstu eng
920 ## - Międzynarodowy znormalizowany numer książki – ISBN
ISBN 0-19-453402-2 (pbk)
008 - POLE O STAŁEJ DŁUGOŚCI - DANE KONTROLNE
podpole kontrolne o stałej długości s uk f |000 0 eng
100 1# - NAZWA OSOBOWA
Nazwa osobowa TOMLINSON, Brian
245 10 - TYTUŁ/ODPOWIEDZIALNOŚĆ
Tytuł Reading :
Ciąg dalszy tytułu upper-intermediate /
Pozostałe elementy strefy tytułu i oznaczenia odpowiedzialności Brian Tomlinson & Rod Ellis.
250 ## - STREFA WYDANIA
Oznaczenie wydania [2nd imprint].
260 ## - STREFA ADRESU WYDAWNICZEGO
Miejsce wydania Oxford :
Nazwa wydawcy/dystrybutora Oxford University Press,
Data publikacji, dystrybucji/powstania dokumentu 1990.
300 ## - STREFA OPISU FIZYCZNEGO
Objętość VIII, 90 pp :
Inne cechy fizyczne ill. ;
Rozmiary 25 cm.
490 1# - STREFA SERII I DOKUMENTU WIELOCZĘŚCIOWEGO - FORMA NIE DO WYSZUKIWANIA
Tytuł i oznaczenie odpowiedzialności serii Oxford Supplementary Skills / Alan Maley, editor
500 ## - UWAGI OGÓLNE
Tekst uwagi 1st published in 1987.
505 ## - SFORMALIZOWANA UWAGA DOTYCZĄCA ZAWARTOŚCI
Pełny tekst uwagi Includes teacher's guide.
650 #9 - HASŁO PRZEDMIOTOWE W FORMIE NAZWY OGÓLNEJ LUB JEDNOSTKOWEJ
Nazwa ogólna lub geograficzna English language
Określnik ogólny Reading
655 ## - TERMIN INDEKSOWY - OKREŚLENIE RODZAJU/FORMY DOKUMENTU
Określenie rodzaju/formy dokumentu Textbooks for foreigners
700 1# - HASŁO DODATKOWE - NAZWA OSOBOWA
Nazwa osobowa MALEY, Alan.
Określenie związku między hasłem a opisywanym materiałem ed.
830 #0 - HASŁO DODATKOWE SERII LUB DOKUMENTU WIELOCZĘŚCIOWEGO - TYTUŁ UJEDNOLICONY
Tytuł ujednolicony Oxford Supplementary Skills (Alan Maley, editor)
942 ## - DODATKOWE ELEMENTY (KOHA)
Typ dokumentu Książka
Egzemplarze
Wycofany Status egzemplarza Uszkodzony Dostępność Lokalizacja stała Lokalizacja bieżąca Miejsce przechowywania Sygnatura Kod kreskowy Typ dokumentu
      Tylko na miejscu Biblioteka Politechniki Koszalińskiej Biblioteka Politechniki Koszalińskiej Czytelnia Wydziałowa ul. Kwiatkowskiego 6e KA 4496 09009813 Książka
© 2023 Biblioteka Politechniki Koszalińskiej :: KOHA